000 00419nam a2200169 4500
001 4435
005 20181127173403.0
020 0 0 _a9780143331421
090 0 0 _aFIC H1536p
100 0 0 _aHair, David.
245 0 0 _aPyre of queens /
_b
_cDavid Hair.
_h
260 0 0 _aNew Delhi :
_bPuffin Books,
_c2010.
300 0 0 _a229 p. ; 22 cm.
650 0 0 _aIndia --Rajasthan.
_x
650 0 0 _aMagic.
_x
650 0 0 _aYoung adult fiction.
_x
999 _c3669
_d3669